Normal view
MARC view
Entry Personal Name
001 - CONTROL NUMBER
- control field: 34525
003 - CONTROL NUMBER IDENTIFIER
- control field: dpl
005 - DATE AND TIME OF LATEST TRANSACTION
- control field: 20110906141519.0
008 - FIXED-LENGTH DATA ELEMENTS
- fixed length control field: 110906|||a|||||| | ||| d
040 ## - CATALOGING SOURCE
- Original cataloging agency: dpl
- Transcribing agency: dpl
100 ## - HEADING--PERSONAL NAME
- Personal name: Samalin, Nancy.
670 ## - SOURCE DATA FOUND
- Source citation: Work cat.: (dpl)56399: Samalin, Nancy., Loving without spoiling :, c2003.
670 ## - SOURCE DATA FOUND
- Source citation: Work cat.: (dpl)56399: Samalin, Nancy., Loving without spoiling :, c2003.
